000 00529nam a22001817a 4500
003 BUBTL
008 191118b xxu||||| |||| 00| 0 eng d
082 _a320.938 / BAG
100 _92462
_aBarker, Ernest, Sir
245 _aGreek political theory :
_bPlato and his predecessors /
_c Sir Ernest Barker
250 _a5th ed.
260 _aLondon
_bMethuen & Co Ltd
_cc1960.
300 _axii, 468 p. :
_c21 cm.
650 0 _926
_aLaw
856 _k0
_l0
_yDownload
942 _2ddc
_cBK
999 _c6161
_d6161